000
00318nam a22001337a 4500
003
OSt
008
240123b |||||||| |||| 00| 0 eng d
020
_a
9789352763160
100
_a
DOSTOEVSKY,Fyodor
245
_a
Crime and Punishment
260
_a
UP
_b
Om Books International
_c
2018
300
_a
501
942
_2
ddc
_c
BK
999
_c
12185
_d
12185